000 00330pab a2200145 454500
008 180718b1986 xxu||||| |||| 00| 0 eng d
100 _aArora, R.K.
245 _aChallenging problems of housing by 2001 AD
260 _c1986
300 _a1165-7
362 _a14 June
650 _aHousing
773 _aCommerce
909 _a9774
999 _c9774
_d9774